000 01448cam a2200325 a 4500
001 15818720
003 OSt
005 20251128141629.0
008 090715s2009 nyu 000 0 eng
010 _a 2009028142
020 _a9780525951360
035 _a15818720
040 _aDLC
_beng
_cDLC
_dDLC
050 0 0 _aBV4627.I34
_bK45 2009
082 0 0 _a241/.3
_222
100 1 _aKeller, Timothy,
_d1950-2023.
245 1 0 _aCounterfeit gods :
_bthe empty promises of money, sex, and power, and the only hope that matters /
_cTimothy Keller.
260 _aNew York :
_bDutton,
_cc2009.
300 _axxiv, 210 p. ;
_c20 cm.
336 _atext
_btxt
_2rdacontent
337 _aunmediated
_bn
_2rdamedia
338 _avolume
_bnc
_2rdacarrier
505 0 _aThe idol factory -- All you've ever wanted -- Love is not all you need -- Money changes everything -- The seduction of success -- The power and the glory -- The hidden idols in our lives -- The end of counterfeit gods -- Finding and replacing your idols.
650 0 _aIdolatry.
650 0 _aChristian life
_xPresbyterian authors.
906 _a7
_bcbc
_corignew
_d1
_eecip
_f20
_gy-gencatlg
942 _2lcc
_cBK
999 _c20784
_d20783